000 00278nam a22001097a 4500
082 _a658.83 966 INT
245 _aInternational Trade Centre Unctad/ Gatt
260 _aGhana
_c1969
300 _a99p.
_bill. ;27CM
650 _aInternational Trade Centre Unctad/ Gatt
942 _cBK
999 _c16387
_d16387